Concrete Technology (Record no. 548568)

000 -LEADER
fixed length control field 00375nam a22001337a 4500
082 ## - DEWEY DECIMAL CLASSIFICATION NUMBER
Classification number 666.894
Author Mark GAM
-- L-19, P-89, :
100 ## - MAIN ENTRY--PERSONAL NAME
Personal name M L Gambhir
9 (RLIN) 26334
245 ## - TITLE STATEMENT
Title Concrete Technology
260 ## - PUBLICATION, DISTRIBUTION, ETC.
Place of publication, distribution, etc. New Delhi
Name of publisher, distributor, etc. Tata McGrw-Hill Publishing Company Limited
Date of publication, distribution, etc. 1989
300 ## - PHYSICAL DESCRIPTION
Extent ix, 318 P, :
526 ## - STUDY PROGRAM INFORMATION NOTE
Program name 0
Interest level 0
Reading level 0
Title point value 666_894000000000000_GAM
650 ## - SUBJECT ADDED ENTRY--TOPICAL TERM
Topical term or geographic name entry element MCE
9 (RLIN) 379
942 ## - ADDED ENTRY ELEMENTS (KOHA)
Source of classification or shelving scheme
Koha item type Book
Holdings
Withdrawn status Lost status Source of classification or shelving scheme Damaged status Not for loan Permanent Location Current Location Date acquired Total Checkouts Full call number Barcode Date last seen Price effective from Koha item type
          Military College of Engineering (MCE) Military College of Engineering (MCE) 09/01/2014   666.894 GAM MCE-24980 09/01/2014 09/01/2014 Book
© 2023 Central Library, National University of Sciences and Technology. All Rights Reserved.